00690nam a2200181 i 4500001000700000003000900007005001700016007000300033008004100036080002800077100003100105245012000136260005800256300002100314852003200335999001900367952012200386146356ES-MaACL20230906201514.0t|070907s1972 sp ||||1| spa d a1 Raimundo Lulio. Beato1 aTrias, Sebastià.911138013aEl pensamiento y la palabra b: (aspectos olvidados de la filosofía de R. Llull) / cSebastián Trías Mercant. aPalma de Mallorca : b[s.n.], c1972 (fImp. Fullana) a90 p. ; c21 cm. aES-MaACLjC-47970 bR.83157 c146356d146356 00104070aATENEOMbATENEOMcDEPO2d2008-01-17eSCl0oC-47970p1152758r2023-02-23 00:00:00w2023-02-23yMONOGRAFIA